[Event "Titled Tuesday intern op 01st June"]
[Site "Chess.com INT"]
[Date "2021.06.01"]
[Round "2"]
[White "Dowgird, Filip"]
[Black "Kovacs, Klara"]
[Result "1-0"]
[WhiteElo "2348"]
[BlackElo "2177"]
[PlyCount "45"]
[EventDate "2021.06.01"]
[EventType "swiss (blitz)"]
[EventRounds "11"]
[EventCountry "USA"]
[SourceTitle "CBM 202 Extra"]
[Source "ChessBase"]
[SourceDate "2021.07.31"]
[SourceVersion "1"]
[SourceVersionDate "2021.07.31"]
[SourceQuality "1"]

1. d4 Nf6 2. Bf4 e6 3. e3 c5 4. Nd2 b6 5. Ngf3 Bb7 6. Nc4 cxd4 7. exd4 d6 8. a4 Be7 9. Bd3 Nbd7 10. Nxd6+ Bxd6 11. Bxd6 a6 12. 0-0 Nd5 13. c3 N7f6 14. Ba3 Ne7 15. Ne5 0-0 16. f4 Qd5 17. Qe2 Ng6 18. Bxf8 Nxf8 19. Bc4 Qd6 20. f5 N8d7 21. fxe6 fxe6 22. Nxd7 Qxd7 23. Bxe6+ 1-0

[Event "Titled Tuesday intern op 01st June"]
[Site "Chess.com INT"]
[Date "2021.06.01"]
[Round "6"]
[White "Dowgird, Filip"]
[Black "Turzo, Attila"]
[Result "1/2-1/2"]
[WhiteElo "2348"]
[BlackElo "2311"]
[PlyCount "93"]
[EventDate "2021.06.01"]
[EventType "swiss (blitz)"]
[EventRounds "11"]
[EventCountry "USA"]
[SourceTitle "CBM 202 Extra"]
[Source "ChessBase"]
[SourceDate "2021.07.31"]
[SourceVersion "1"]
[SourceVersionDate "2021.07.31"]
[SourceQuality "1"]

1. e4 c6 2. d3 d5 3. Nd2 Nd7 4. Ngf3 e5 5. g3 Ngf6 6. Bg2 dxe4 7. dxe4 Bc5 8. 0-0 0-0 9. a4 a5 10. b3 Re8 11. Bb2 Qc7 12. Nh4 Nf8 13. Nf5 Bxf5 14. exf5 Bd4 15. c3 Bc5 16. Qc2 Rad8 17. Rae1 b5 18. axb5 cxb5 19. b4 Bxb4 20. Ra1 a4 21. Ne4 Nxe4 22. Qxe4 Bc5 23. Qc6 Rc8 24. Qxb5 a3 25. Bxa3 Bxa3 26. Rxa3 e4 27. Re1 Re5 28. Qb4 Rc5 29. Re3 Rc4 30. Qb1 Qc5 31. Ra1 Qxf5 32. Bxe4 Qf6 33. Bd5 Rxc3 34. Rxc3 Qxc3 35. Ra7 Qc1+ 36. Qxc1 Rxc1+ 37. Kg2 Ne6 38. Ra8+ Nf8 39. Re8 Rc7 40. h4 g6 41. f4 h5 42. Be4 Kg7 43. f5 Nh7 44. fxg6 fxg6 45. Ra8 Nf6 46. Bf3 Rd7 47. Kf2 1/2-1/2